Knott's Berry Farm Rollercoasters - Statistics

General Stats
  • This quiz has been taken 53 times
  • The average score is 5 of 9
Answer Stats
Hint Answer % Correct
1998 GhostRider
92%
2002 Xcelerator
92%
2004 Silver Bullet
79%
2018 Hangtime
77%
1995 Jaguar
56%
2008 Pony Express
51%
2007 Sierra Sidewinder
38%
1978 Montezuma's Revenge
31%
2013 Coaster Rider
3%
No matching quizzes found
Score Distribution
Percent of People with Each Score
Percentile by Number Answered
Your Score History
You have not taken this quiz